000 00282nam a2200097Ia 4500
082 _aAKF|SWAR
245 0 _aHoekom praat grootmense so snaaks?
100 _a Swart, Keina Pretoria [South Africa], 2010
_953207
942 _cBK
008 210817s9999 xx 000 0 und d
999 _c168983
_d168984